|
|
|
|
| LEADER |
00000nam0a2200000 4500 |
| 001 |
185966 |
| 005 |
20231101223942.0 |
| 035 |
|
|
|a (RuTPU)RU\TPU\book\201786
|
| 090 |
|
|
|a 185966
|
| 100 |
|
|
|a 20101020d1948 k y0rusy50 ca
|
| 101 |
0 |
|
|a rus
|
| 102 |
|
|
|a RU
|
| 105 |
|
|
|a acf z 001zd
|
| 200 |
1 |
|
|a Гидродинамическая теория смазки
|e Избранные работы
|f И. П. Петров
|g Академия наук Союза ССР ; редакция и комментарии акдемика Л. С. Лейбензона.
|
| 210 |
|
|
|a Москва
|c Издательство Академии наук СССР
|d 1948
|
| 215 |
|
|
|a 550 с.
|c ил.
|
| 225 |
2 |
|
|a Классики науки
|e Под общей редакцией Комиссии Академии Наук СССР по изданию научно-популярной литературы. Председатель Комиссии президент Академии Наук СССР академик С. И. Вавилов. Зам. председателя член-корреспондент Академии Наук СССР П. Ф. Юдин
|
| 300 |
|
|
|a Тираж 3000
|
| 320 |
|
|
|a Список сочинений Н. П. Петрова: с. 546-550.
|
| 320 |
|
|
|a Примечания: с. 540-545
|
| 464 |
|
|
|t О трении смазочного слоя между шипом и подшипником
|f Н. Е. Жуковский, С. А. Чаплыгин
|
| 464 |
|
|
|t Творец гидродинамической теории трения- Николай Павлович Петров
|f М. Н. Петров
|
| 610 |
1 |
|
|a гидродинамика
|
| 610 |
1 |
|
|a теория
|
| 610 |
1 |
|
|a история науки
|
| 610 |
1 |
|
|a 19 век
|
| 610 |
1 |
|
|a Россия
|
| 675 |
|
|
|a 532.5
|v 3
|
| 700 |
|
1 |
|a Петров
|b И. П.
|c русский учёный и инженер в области железнодорожного транспорта, почётный член Петербургской АН (1894), инженер-генерал-лейтенант
|c основоположник гидродинамической теории смазки
|f 1836-1920
|g Николай Павлович
|2 stltpush
|3 (RuTPU)RU\TPU\pers\20222
|
| 702 |
|
1 |
|a Лейбензон
|b Л. С.
|c российский механик
|c основатель подземной гидравлики
|f 1879-1951
|g Леонид Самуилович
|2 stltpush
|3 (RuTPU)RU\TPU\pers\15095
|4 340
|9 5184
|
| 712 |
0 |
2 |
|a Академия наук СССР (АН СССР)
|2 stltpush
|3 (RuTPU)RU\TPU\col\722
|
| 801 |
|
1 |
|a RU
|b 63413507
|c 20101020
|
| 801 |
|
2 |
|a RU
|b 63413507
|c 20101020
|g RCR
|
| 942 |
|
|
|c BK
|